000 00338nam a2200145Ia 4500
005 20251223000719.0
008 251222s9999||||xx |||||||||||||| ||spa||
020 _a9972804216
082 _a362.109.83/A77
100 _aArroyo, Juan
245 0 _aLa Salud en el Siglo XXI:
250 _a1ra.ed.
264 _bCIES - DFID
942 _cLIB
999 _c41587
_d41587